Top 100 Sci-Fi and Fantasy Authors Quiz Stats

Quiz Updated Nov 22, 2016

Challenge
Share
Tweet
Embed
Score 0/100 Timer 20:00
1 Play Today
Rank Author % Correct
1.J.R.R. Tolkien
98.1%
46.J.R.R. Tolkien
98%
6.George Orwell
90.6%
13.George Orwell
90.6%
2.Douglas Adams
80.3%
20.Mary Shelley
77.9%
36.H.G. Wells
77.2%
39.H.G. Wells
77.2%
37.Jules Verne
77%
72.Jules Verne
77%
32.Richard Adams
76.4%
7.Ray Bradbury
74.4%
27.Ray Bradbury
74.4%
79.Ray Bradbury
74.4%
91.Ray Bradbury
74.4%
23.Stephen King
72.8%
25.Stephen King
72.8%
9.Aldous Huxley
72.1%
8.Isaac Asimov
71.9%
16.Isaac Asimov
71.9%
94.Isaac Asimov
71.9%
5.George R.R. Martin
71.3%
19.Kurt Vonnegut
69.3%
28.Kurt Vonnegut
69.3%
4.Frank Herbert
61.2%
3.Orson Scott Card
57.2%
10.Neil Gaiman
55.5%
29.Neil Gaiman
55.5%
48.Neil Gaiman
55.5%
52.Neil Gaiman
55.5%
21.Philip K. Dick
55%
24.Arthur C. Clarke
54.3%
49.Arthur C. Clarke
54.3%
76.Arthur C. Clarke
54.3%
Rank Author % Correct
64.Susanna Clarke
52.8%
17.Robert Heinlein
45.8%
31.Robert Heinlein
45.8%
34.Robert Heinlein
45.8%
22.Margaret Atwood
44.9%
30.Anthony Burgess
41.8%
57.Terry Pratchett
41.8%
60.Terry Pratchett
41.8%
12.Robert Jordan
40.2%
67.Terry Brooks
37.6%
54.Max Brooks
37.2%
63.Cormac McCarthy
35.1%
15.Alan Moore & Dave Gibbons
33.7%
45.Ursula K. LeGuin
33.6%
78.Ursula K. LeGuin
33.6%
47.T.H. White
33.2%
11.William Goldman
32.1%
14.William Gibson
31.8%
100.C.S. Lewis
30.9%
26.Neal Stephenson
27.1%
53.Neal Stephenson
27.1%
75.Neal Stephenson
27.1%
85.Neal Stephenson
27.1%
50.Carl Sagan
26.9%
61.Larry Niven & Jerry Pournelle
24.4%
96.Larry Niven & Jerry Pournelle
24.4%
44.Larry Niven
24.3%
33.Anne McCaffrey
21.8%
42.Marion Zimmer Bradley
21.8%
99.Piers Anthony
20.6%
43.Brandon Sanderson
20.4%
71.Brandon Sanderson
20.4%
35.Walter M. Miller
20.4%
41.David Eddings
19.2%
Rank Author % Correct
62.Terry Goodkind
16.9%
18.Patrick Rothfuss
16.7%
68.R.E. Howard
16.6%
65.Richard Matheson
16.5%
80.Gregory Maguire
16.4%
38.Daniel Keyes
16.4%
70.Audrey Niffenegger
16.1%
40.Roger Zelazny
16%
58.Stephen R. Donaldson
15.4%
82.Jasper Fforde
15.1%
51.Dan Simmons
15%
95.Kim Stanley Robinson
14.4%
69.Robin Hobb
14.3%
73.R.A. Salvatore
14.2%
98.China Mieville
14%
90.Michael Moorcock
13.3%
89.Diana Gabaldon
13.2%
66.Raymond E. Feist
13.2%
88.Timothy Zahn
12.9%
56.Joe Haldeman
12.7%
55.Peter S. Beagle
12.5%
83.Iain M. Banks
12%
86.Jim Butcher
11.5%
87.Gene Wolfe
10.9%
81.Steven Erikson
10.7%
74.John Scalzi
10.7%
84.Mary Stewart
10.4%
59.Lois McMaster Bujold
9.7%
93.Vernor Vinge
9.4%
77.Jacqueline Carey
9.1%
97.Connie Willis
8.9%
92.Robin McKinley
6%

You're not logged in!

Compare scores with friends on all Sporcle quizzes.
Join for Free
OR
Log In

You Might Also Like...

Show Comments

Extras

Top Quizzes Today


Score Distribution

Your Account Isn't Verified!

In order to create a playlist on Sporcle, you need to verify the email address you used during registration. Go to your Sporcle Settings to finish the process.

Report this User

Report this user for behavior that violates our Community Guidelines.

Details: